000 00659nam a2200229 i 4500
001 15880
003 ES-MaACL
005 20250111062526.0
007 t|
008 000512s1997 sp ||||0| spa j
020 _a84-339-1060-4
040 _aM-BN
_bspa
_cM-BN
080 _a821.134.2-31"19"
100 1 _aAldecoa, Josefina.
_919629
245 1 3 _aLa fuerza del destino /
_cJosefina R. Aldecoa.
260 _aBarcelona :
_bAnagrama,
_c[1997]
300 _a223 p. ;
_c20 cm.
490 1 _aNarrativas hispánicas ;
_v230
830 0 0 _aNarrativas hispánicas (Anagrama)
_v230
_9178124
852 _aES-MaACL
_jL-22896
_bR.128119
999 _c15880
_d15880